|
|
|
|
| LEADER |
00963cam a2200265 7i4500 |
| 001 |
0000007470 |
| 005 |
20220824090000.0 |
| 008 |
220824t19941994enk# ### #00001eng## |
| 020 |
# |
# |
|a 0534211682
|
| 040 |
# |
# |
|a UMT
|b eng
|c UMT
|e rda
|
| 090 |
0 |
0 |
|a BF 637 .I5
|b I9 1994
|
| 100 |
1 |
# |
|a Ivey, Allen E.
|e author
|
| 245 |
1 |
0 |
|a Intentional interviewing and counseling :
|b facilitating client development in a multicultural society
|c Allen E. Ivey.
|
| 250 |
# |
# |
|a 3rd edition
|
| 264 |
# |
1 |
|a Pacific Grove, Calif.:
|b Brooks/Cole Pub. Co.,
|c 1994
|
| 264 |
# |
4 |
|c ♭1994
|
| 300 |
# |
# |
|a xvi, 375 pages:
|b illustrations;
|c 24 cm
|
| 336 |
# |
# |
|a text --
|2 rdacontent
|
| 337 |
# |
# |
|a unmediated --
|2 rdamedia
|
| 338 |
# |
# |
|a volume --
|2 rdacarrier
|
| 590 |
# |
# |
|a Pusat Pengajian Pembangunan Sosial dan Ekonomi
|
| 650 |
0 |
0 |
|a Interviewing
|
| 650 |
0 |
0 |
|a Counseling psychology
|
| 999 |
|
|
|a 1000385361
|b Book
|c Open Shelf
|e KOLEKSI TERBUKA
|
| 999 |
|
|
|a 1000385360
|b Book
|c Open Shelf
|e KOLEKSI TERBUKA
|